00426nam a2200169Ia 4500003000400000005001700004008004100021040000700062041000800069082002200077100002500099245004200124260003400166300001100200365000800211650003700219OSt20230602121327.0210423s2006 xx 000 0 und d cAL aeng a361.05 223bKARN aKarnataka government aKarnataka rajyapathra IV-A, 775, 2005 bGovernment Of Karnatakac2006 a75bPB cINR aSocial Problems & Social Welfare